000
00372nam a2200133Ia 4500
008
230411s9999 xx 000 0 und d
041
_a
eng
082
_a
X/823/CAN/B07153
100
_a
Canfield Jack
245
_a
Chicken Soup for the Soul : Indian college students
260
_b
Westland
_a
Hyderabad
_c
2011
300
_a
422p
999
_c
157330
_d
157330